000 00658nas a2200229 4500
001 BR7807123
003 BR-BrBNA
005 20231205083542.0
007 ta
008 230509b bl.|||p| |||| 00| 00por d
040 _aBR-BrBNA
_bpor
_cBiblioteca Nacional de Agricultura
041 _a(Pt)
072 _aF27; F00
100 1 _aGoepfert, C.F.
245 1 _aCultivo minimo na cultura da soja [Glycine max]
650 _aCULTIVO MINIMO
650 _aPRATICA CULTURAL
650 _aSOJA
773 0 _tIPAGRO Informa (Brazil)
_xISSN 0100-3410
_g(Oct 1978), (no. 21) p. 51-56
_wBR7807123
909 _a202311
_bLúcia
_c55
_dLúcia Elande
942 _2AGRIS
_n0
_cANA
999 _c99616
_d99616